000 00641nam a22002417a 4500
003 UA-OsUOA
001 72350
007 ta
008 20110111b un ||||| |||| 00| 0 ukr d
100 _aБыков Д. Л.
090 _a821.161.1(092)
_bБ95
942 _cBK
040 _aUA-OsUOA
_brus
_cUA-OsUOA
_dUA-OsUOA
245 _aБорис Пастернак
300 _a893 с.
955 _a3
041 _arus
080 _a821.161.1(092)
020 _a978-5-235-03310-8
260 _aМ.
_bМолодая гвардия
_c2010
650 7 _a82 Література. Літературознавство
_2UDC
999 _c358634
_d358634